| 000 | 01192nam a2200229Ia 4500 | ||
|---|---|---|---|
| 001 | L840-49743 | ||
| 003 | IT-CnALBA | ||
| 008 | 170116s9999||||xx |||||||||||||| ||und|| | ||
| 040 |
_aIT-CnALBA _cIT-CnALBA |
||
| 041 | _aITALIANO | ||
| 100 | _aARDUINO GABRIELE | ||
| 245 | 0 | _aLA TIGRE, L'UOMO, IL GHIACCIOLO ALLA MENTA. ROMANZO. | |
| 250 | _a1a ed. | ||
| 260 |
_aFIRENZE _bL'AUTORE LIBRI _c1997 [1° Ed.:1997 - Ed.Ling.Originale: 1997] |
||
| 300 | _a83 p. | ||
| 500 | _aSTORIA DI MORTI MISTERIOSE, AGENTI IN RICERCA. GIOVANI IN FUGA. DI ARTISTI DIETRO LE CHIMERE. SUSSULTO DI VITA. BARATRO DELLA SUPERFICIALITA' UMANA. IL SILENZIO IRREALE DI UN DESERTO VUOTO. UOMO COME MASCHERA, PERSONAGGIO DI UNA TRAGEDIA REALE. | ||
| 501 | _aSocietà San Paolo EM - Piazza San Paolo, 14 - 12051 ALBA (CN) (non commercial uses only) ® Copyright 2017 | ||
| 520 | _aSTORIA DI MORTI MISTERIOSE, AGENTI IN RICERCA. GIOVANI IN FUGA. DI ARTISTI DIETRO LE CHIMERE. SUSSULTO DI VITA. BARATRO DELLA SUPERFICIALITA' UMANA. IL SILENZIO IRREALE DI UN DESERTO VUOTO. UOMO COME MASCHERA, PERSONAGGIO DI UNA TRAGEDIA REALE. | ||
| 650 | _aLETTERATURA FRANCESE E ALTRE | ||
| 942 | _cBK | ||
| 957 | _71 | ||
| 999 |
_a56268 _bNO _g Copie: 1 _c308656 _d308656 |
||